[Event "Bad Woerishofen op 23th"]
[Site "Bad Woerishofen"]
[Date "2007.03.12"]
[Round "5"]
[White "Schellmann, Frank"]
[Black "Trabert, Bettina"]
[Result "0-1"]
[WhiteElo "2107"]
[BlackElo "2251"]
[PlyCount "62"]
[EventDate "2007.03.08"]
[EventType "swiss"]
[EventRounds "9"]
[EventCountry "GER"]
[SourceTitle "EXT 2008"]
[Source "ChessBase"]
[SourceDate "2007.11.25"]
[SourceVersion "1"]
[SourceVersionDate "2007.11.25"]
[SourceQuality "1"]

1. e4 e5 2. Nc3 Nf6 3. Nf3 Nc6 4. g3 d5 5. exd5 Nxd5 6. Bg2 Nxc3 7. bxc3 Bc5 8. 0-0 0-0 9. Re1 Qf6 10. d3 h6 11. Be3 Bb6 12. Nd2 Ba5 13. Ne4 Qg6 14. Bd2 f5 15. Nc5 Bb6 16. Na4 f4 17. Nxb6 axb6 18. Be4 Qf6 19. Qf3 Bd7 20. Bd5+ Kh8 21. gxf4 exf4 22. Qg2 Ne7 23. Bxb7 Ra5 24. Kh1 Ng6 25. Rg1 Nh4 26. Qe4 Ra7 27. Bd5 c6 28. Bb3 Bh3 29. d4 Re7 30. Qd3 Bf5 31. Qf1 Be4+ 0-1

[Event "Bad Woerishofen op 23th"]
[Site "Bad Woerishofen"]
[Date "2007.03.10"]
[Round "3"]
[White "Maugg, Ludwig"]
[Black "Trabert, Bettina"]
[Result "1/2-1/2"]
[WhiteElo "2099"]
[BlackElo "2251"]
[PlyCount "82"]
[EventDate "2007.03.08"]
[EventType "swiss"]
[EventRounds "9"]
[EventCountry "GER"]
[SourceTitle "EXT 2008"]
[Source "ChessBase"]
[SourceDate "2007.11.25"]
[SourceVersion "1"]
[SourceVersionDate "2007.11.25"]
[SourceQuality "1"]

1. e4 e5 2. Nf3 Nc6 3. Bb5 a6 4. Ba4 Nf6 5. 0-0 Be7 6. Re1 b5 7. Bb3 d6 8. c3 0-0 9. h3 Nb8 10. d4 Nbd7 11. Nbd2 Bb7 12. Bc2 Re8 13. a4 Bf8 14. Bd3 c6 15. Rb1 g6 16. Qc2 Qc7 17. axb5 axb5 18. dxe5 dxe5 19. Nb3 Nb6 20. Bg5 Nh5 21. Rbd1 Bc8 22. Nbd2 Nf4 23. Bxf4 exf4 24. c4 bxc4 25. Nxc4 Bg7 26. b3 h6 27. Rc1 Be6 28. Ncd2 Rec8 29. Nc4 Nxc4 30. Bxc4 Bxc4 31. Qxc4 Qb6 32. e5 Ra2 33. Rc2 Rxc2 34. Qxc2 Re8 35. e6 Rxe6 36. Rxe6 fxe6 37. Qxg6 Qxb3 38. Qe8+ Kh7 39. Qxc6 Qd1+ 40. Kh2 Qe2 41. Qe8 Qxf2 1/2-1/2

[Event "GRE-chT 35th"]
[Site "Ermioni Argolidas"]
[Date "2006.07.03"]
[Round "1"]
[White "Nikolaidou, Eleni"]
[Black "Trabert, Bettina"]
[Result "1/2-1/2"]
[WhiteElo "1897"]
[BlackElo "2269"]
[PlyCount "116"]
[EventDate "2006.07.03"]
[EventType "team"]
[EventRounds "9"]
[EventCountry "GRE"]
[SourceTitle "CBM 113 Extra"]
[Source "ChessBase"]
[SourceDate "2006.09.14"]
[SourceVersion "1"]
[SourceVersionDate "2006.09.14"]
[SourceQuality "1"]

1. e4 e5 2. Nf3 Nc6 3. Bc4 Bc5 4. c3 Nf6 5. d3 a6 6. 0-0 Ba7 7. Nbd2 0-0 8. Bb3 d6 9. Nc4 h6 10. Re1 Re8 11. Ne3 Ne7 12. Nh4 d5 13. Qf3 d4 14. Nef5 Nxf5 15. Nxf5 Bxf5 16. exf5 Qd7 17. Bd2 c6 18. g4 Rad8 19. c4 Nh7 20. h4 Qe7 21. Qg3 Qf6 22. Kg2 c5 23. Re4 Bb8 24. Rae1 Rf8 25. Bd1 g5 26. Rh1 Kg7 27. Qh3 Rh8 28. Bf3 Rdg8 29. Ree1 b6 30. a3 Kf8 31. h5 Kg7 32. Ra1 Bd6 33. Rhb1 Rb8 34. b4 Qe7 35. Be4 Nf6 36. Bc6 Qc7 37. Qf3 Nxg4 38. Qxg4 Qxc6+ 39. Qf3 Qxf3+ 40. Kxf3 b5 41. cxb5 Rxb5 42. bxc5 Bxc5 43. Rxb5 axb5 44. Rb1 Bxa3 45. Rxb5 Bd6 46. Ke4 Rd8 47. Ba5 Ra8 48. Rd5 Ra6 49. Rb5 Ra7 50. Rd5 Ra6 51. Rb5 Kf8 52. Bd8 Ra2 53. Rb6 Be7 54. Bxe7+ Kxe7 55. f6+ Kd7 56. Rb7+ Ke6 57. Rb6+ Kd7 58. Rb7+ Ke6 1/2-1/2

[Event "Verona op 12th"]
[Site "Verona"]
[Date "2006.01.03"]
[Round "2"]
[White "Ivanov, Mikhail M"]
[Black "Trabert, Bettina"]
[Result "1-0"]
[WhiteElo "2457"]
[BlackElo "2275"]
[PlyCount "83"]
[EventDate "2006.01.02"]
[EventType "swiss"]
[EventRounds "9"]
[EventCountry "ITA"]
[SourceTitle "CBM 110 Extra"]
[Source "ChessBase"]
[SourceDate "2006.03.10"]
[SourceVersion "2"]
[SourceVersionDate "2006.03.10"]
[SourceQuality "1"]

1. d4 d5 2. c4 e6 3. Nf3 c6 4. Qc2 dxc4 5. Qxc4 Nf6 6. Bg5 Be7 7. e3 Nbd7 8. Bd3 Qa5+ 9. Nbd2 e5 10. 0-0 exd4 11. Qxd4 h6 12. Nc4 Qd5 13. Bf4 Nc5 14. Bc2 Qxd4 15. Nxd4 Ne6 16. Nxe6 Bxe6 17. Nd6+ Bxd6 18. Bxd6 0-0-0 19. Rfd1 Nd5 20. Ba3 Nb6 21. b3 Rxd1+ 22. Rxd1 Rd8 23. Rxd8+ Kxd8 24. Bf8 g6 25. Bxh6 Nd5 26. Bg7 c5 27. h4 b5 28. Bf8 c4 29. bxc4 bxc4 30. Kf1 Kd7 31. a3 Kc6 32. Ke2 Kb5 33. f3 f5 34. g3 Bf7 35. h5 gxh5 36. Bxf5 c3 37. Bd3+ Ka4 38. Bc2+ Kb5 39. Kd3 Bg6+ 40. e4 Kc6 41. Kd4 Nf4 42. gxf4 1-0

[Event "EU-chT (Women) 15th"]
[Site "Gothenburg"]
[Date "2005.08.01"]
[Round "3"]
[White "Trabert, Bettina"]
[Black "Dworakowska, Joanna"]
[Result "0-1"]
[WhiteElo "2291"]
[BlackElo "2401"]
[PlyCount "62"]
[EventDate "2005.07.30"]
[EventType "team-swiss"]
[EventRounds "9"]
[EventCountry "SWE"]
[SourceTitle "CBM 107 Extra"]
[Source "ChessBase"]
[SourceDate "2005.09.01"]
[SourceVersion "1"]
[SourceVersionDate "2005.09.01"]
[SourceQuality "1"]
[WhiteTeam "Germany (W)"]
[BlackTeam "Poland (W)"]
[WhiteTeamCountry "GER"]
[BlackTeamCountry "POL"]

1. e4 c5 2. Nf3 d6 3. d4 cxd4 4. Nxd4 Nf6 5. Nc3 a6 6. g3 e5 7. Nb3 Nbd7 8. Bg2 b5 9. 0-0 Be7 10. Bd2 0-0 11. a4 b4 12. Nd5 Nxd5 13. exd5 a5 14. c3 bxc3 15. Bxc3 Qb6 16. Ra3 f5 17. Qd2 Bd8 18. Re1 Nf6 19. h3 Ne4 20. Bxe4 fxe4 21. Rxe4 Bxh3 22. Qe2 Qb7 23. Qh5 Qf7 24. Qe2 Bf5 25. Rc4 Qxd5 26. Nc1 Rf6 27. Bd2 Bb6 28. Be3 Bh3 29. f4 Bg4 30. Qf1 Rh6 31. Qg2 Bf3 0-1

[Event "GRE-chT 34th"]
[Site "Ermioni Argolidas"]
[Date "2005.07.07"]
[Round "4"]
[White "Stavropoulou, Ekaterini"]
[Black "Trabert, Bettina"]
[Result "0-1"]
[WhiteElo "2035"]
[BlackElo "2291"]
[PlyCount "151"]
[EventDate "2005.07.04"]
[EventType "team"]
[EventRounds "9"]
[EventCountry "GRE"]
[SourceTitle "CBM 107 Extra"]
[Source "ChessBase"]
[SourceDate "2005.09.01"]
[SourceVersion "1"]
[SourceVersionDate "2005.09.01"]
[SourceQuality "1"]

1. e4 e5 2. Nf3 Nc6 3. Bb5 a6 4. Bxc6 dxc6 5. 0-0 Qd6 6. Na3 Be6 7. Qe2 f6 8. Rd1 c5 9. Nc4 Qc6 10. d3 0-0-0 11. Be3 Ne7 12. Na5 Qb5 13. Nb3 Ng6 14. a4 Qc6 15. Na5 Qe8 16. Qe1 Nf4 17. Bxf4 exf4 18. Nc4 Qg6 19. Kh1 Qh5 20. Qc3 Bg4 21. Ncd2 Be7 22. Re1 Rhe8 23. e5 fxe5 24. Qxe5 Bd6 25. Qxh5 Bxh5 26. Ng5 h6 27. Nge4 Bf8 28. a5 Bf7 29. Kg1 Bd5 30. Kf1 Re6 31. Ra4 g5 32. h3 Rc6 33. Nc3 Bf7 34. Nce4 Bg7 35. b3 Rd4 36. Nc4 Rd8 37. Ncd2 Re8 38. Nc4 Kd8 39. Ncd2 Bd5 40. Nc4 Rce6 41. Ncd2 Bc6 42. Ra2 Bf8 43. Raa1 Rg6 44. Nf3 Bg7 45. Ra2 Bxe4 46. Rxe4 Rxe4 47. dxe4 c4 48. Ra4 cxb3 49. cxb3 Rd6 50. Ke2 Bc3 51. Ra2 Ke7 52. Nd2 Rd4 53. f3 Rb4 54. Ra3 Rb5 55. Nc4 Ke6 56. Kd3 Bb4 57. Ra2 Be1 58. Ra1 Bb4 59. Ra2 Be1 60. Ra3 Bf2 61. Kc2 Bd4 62. Ra2 Bc5 63. Kc3 Be7 64. Kc2 Kf6 65. Ra1 Kf7 66. Ra2 Ke6 67. Ra1 Bf6 68. Ra3 h5 69. Ra4 Bg7 70. Na3 Rc5+ 71. Rc4 Rxa5 72. Rxc7 Be5 73. Rxb7 Rxa3 74. Rb6+ Ke7 75. Rb7+ Kd6 76. Rb6+ 0-1

[Event "GRE-chT 34th"]
[Site "Ermioni Argolidas"]
[Date "2005.07.04"]
[Round "1"]
[White "Sperdokli, Elli"]
[Black "Trabert, Bettina"]
[Result "1/2-1/2"]
[WhiteElo "2139"]
[BlackElo "2291"]
[PlyCount "55"]
[EventDate "2005.07.04"]
[EventType "team"]
[EventRounds "9"]
[EventCountry "GRE"]
[SourceTitle "CBM 107 Extra"]
[Source "ChessBase"]
[SourceDate "2005.09.01"]
[SourceVersion "1"]
[SourceVersionDate "2005.09.01"]
[SourceQuality "1"]

1. e4 e5 2. Nf3 Nc6 3. Nc3 Nf6 4. g3 d5 5. exd5 Nxd5 6. Bg2 Nxc3 7. bxc3 Bd6 8. 0-0 0-0 9. d4 Bg4 10. Qd3 h6 11. Rb1 Re8 12. dxe5 Nxe5 13. Nxe5 Rxe5 14. Be3 b6 15. Qd4 Be6 16. Bf4 Ra5 17. Bxd6 cxd6 18. Bxa8 Qxa8 19. f3 Rxa2 20. Qxd6 Rxc2 21. Qd3 Ra2 22. Ra1 Qc6 23. Rxa2 Bxa2 24. Re1 Be6 25. Qd8+ Kh7 26. Qd3+ Kg8 27. Qd8+ Kh7 28. Qd3+ 1/2-1/2